The sale of goods act, 1930, Act IX of 1930, (Record no. 85230)

MARC details
000 -LEADER
fixed length control field 00901cam a22002531 4500
001 - CONTROL NUMBER
control field sa 68013636
003 - CONTROL NUMBER IDENTIFIER
control field DLC
005 - DATE AND TIME OF LATEST TRANSACTION
control field 20260227112623.0
008 - FIXED-LENGTH DATA ELEMENTS--GENERAL INFORMATION
fixed length control field 711115s1968 ii 000 0 eng
010 ## - LIBRARY OF CONGRESS CONTROL NUMBER
LC control number sa 68013636
025 ## - OVERSEAS ACQUISITION NUMBER
Overseas acquisition number PL480:I-E-10264
040 ## - CATALOGING SOURCE
Original cataloging agency DLC
Transcribing agency DLC
Modifying agency DLC
043 ## - GEOGRAPHIC AREA CODE
Geographic area code a-ii---
050 00 - LIBRARY OF CONGRESS CALL NUMBER
Classification number KNS863.A31193
Item number A73 1968
110 1# - MAIN ENTRY--CORPORATE NAME
Corporate name or jurisdiction name as entry element India.
240 10 - UNIFORM TITLE
Uniform title Sale of Goods Act, 1930
245 14 - TITLE STATEMENT
Title The sale of goods act, 1930, Act IX of 1930,
Remainder of title with an exhaustive, critical and analytical commentary, up-to-date Indian & foreign case-law, index, table of cases, and several useful appendices,
Statement of responsibility, etc. by Om Prakash Aggarawala.
250 ## - EDITION STATEMENT
Edition statement 8th ed., thoroughly rev. & enl.
260 ## - PUBLICATION, DISTRIBUTION, ETC.
Place of publication, distribution, etc. Delhi,
Name of publisher, distributor, etc. Metropolitan Book Co.,
Date of publication, distribution, etc. 1968.
300 ## - PHYSICAL DESCRIPTION
Extent xciv, 960 p.
Dimensions 25 cm.
490 0# - SERIES STATEMENT
Series statement Commercial laws of India, v. 1
650 #0 - SUBJECT ADDED ENTRY--TOPICAL TERM
Topical term or geographic name entry element Sales
Geographic subdivision India.
700 1# - ADDED ENTRY--PERSONAL NAME
Personal name Aggarawala, Om Prakash,
Dates associated with a name 1905-
Relator term ed.

No items available.

Powered by Koha